Devine le logo de voiture - Statistiques

Statistiques générales
  • Ce quiz a été pris 1 153 fois
  • Le résultat moyen est 14 sur 16
Statistiques - réponses
Par images Réponse % Correct
Ford
99%
Audi
98%
Ferrari
98%
BMW
97%
Mercedes
97%
Toyota
96%
Honda
95%
Jaguar
95%
Porsche
94%
Volkswagen
93%
Lamborghini
88%
Hyundai
87%
Alfa Romeo
85%
Maserati
77%
Mustang
67%
Dodge
64%
Aucun quiz correspondant
Distribution des résultats
% des personnes avec chaque résultat
Percentile par nombre de réponses
Votre historique - résultats
Vous n’avez pas pris ce quiz